000 00259nam a22001217a 4500
008 180222b xxu||||| |||| 00| 0 eng d
041 _aeng
080 _a51
100 _a38
101 _aMAT
245 _aMATHEMATICS OF FINANCE
_cFRANK.A
942 _2udc
_cBK
999 _c43223
_d43223